000 00471nam a22001937a 4500
005 20251108175002.0
008 250721s9999 xx 000 0 eng d
020 _a256025142
082 1 4 _a338.8/MEE
100 1 _aMEE, JOHN F
245 1 0 _aINTERNATIONAL BUSINESS AND MULTINATIONAL ENTERPRISES /
250 _a3ED.
264 _bIRWIN,
300 _a777P.
650 1 7 _aBUSINESS
650 1 7 _aMULTINATIONAL ENTREPRISES
942 _2ddc
_cBK
999 _c123222
_d123222